Central Library OPAC University of Rajshahi

An Analysis of productivity and profitability of Islamic Banks in Bangladesh / (Record no. 79530)

MARC details
000 -LEADER
fixed length control field 01212nam a22002777a 4500
001 - CONTROL NUMBER
RUCL Control Number 79530
003 - CONTROL NUMBER IDENTIFIER
rucl marc code BD-RjUL
005 - DATE AND TIME OF LATEST TRANSACTION
control field 20220512120316.0
008 - FIXED-LENGTH DATA ELEMENTS--GENERAL INFORMATION
fixed length control field 220309s2009 bg a|||| m||| 00| 0 eng d
035 ## - SYSTEM CONTROL NUMBER
system control number (BD-RjUL)79530)
040 ## - CATALOGING SOURCE
Original cataloging agency BD-RjUL
Language of cataloging eng
Transcribing agency BD-RjUL
Modifying agency BD-RjUL
041 ## - LANGUAGE CODE
Language code of Book eng
082 ## - DEWEY DECIMAL CLASSIFICATION NUMBER
DDC Edition number 23
Classification number 332.123
Author mark and Year UDA 2009
100 ## - MAIN ENTRY--PERSONAL NAME
Personal name Uddin, Mohammad Main
9 (RLIN) 1785
245 10 - TITLE STATEMENT
Title An Analysis of productivity and profitability of Islamic Banks in Bangladesh /
Statement of responsibility, etc Mohammad Main Uddin ;
Name of Supervisor/Co-Supervisor Principal Supervisor: Syed Zabid Hossain ; Co-Supervisor : Md. Abdullah Al Harun
260 ## - PUBLICATION, DISTRIBUTION, ETC. (IMPRINT)
Place of publication, distribution, etc Rajshahi :
Name of publisher, distributor, etc Department of Accounting and Information Systems, University of Rajshahi,
Date of publication, distribution, etc 2009
300 ## - PHYSICAL DESCRIPTION
Pagination xivi, 446 leaves :
Other physical details ill, ;
Dimensions 29.cm.
502 ## - DISSERTATION NOTE
Dissertation note Thesis (Ph. D.) -- Department of Accounting and Information Systems, University of Rajshahi, 2009
504 ## - BIBLIOGRAPHY, ETC. NOTE
Bibliography, etc Bibliography : Leaves 416 - 431
650 ## - SUBJECT ADDED ENTRY--TOPICAL TERM
Topical term or geographic name as entry element Banks and banking
Geographic subdivision Bangladesh
Topical term or geographic name as entry element Banks and banking
General subdivision Religious aspects
-- slam
9 (RLIN) 2859
Topical term or geographic name as entry element Economic development
General subdivision Religious aspects
-- Islam
9 (RLIN) 2467
700 ## - ADDED ENTRY--SUPERVISOR/CO-SUPERVISOR NAME
Personal name Hossain, Syed Zabid, Principal Supervisor
9 (RLIN) 1788
Personal name Harun, Md. Abdullah Al , Co-Supervisor
9 (RLIN) 1789
942 ## - ADDED ENTRY ELEMENTS (KOHA)
Source of classification or shelving scheme Dewey Decimal Classification
Koha item type Theses
Holdings
Source of classification or shelving scheme Damaged status Not for loan Collection code Permanent Location Current Location Shelving location Date of accession Source of acquisition Full call number Barcode Date last seen Copy number Thesis
Dewey Decimal Classification   Not For Loan Theses Central Library, University of Rajshahi Central Library, University of Rajshahi Documentation Section 25/05/2011 Controller of Exam. R.U THE 332.123 UDA 2009 D3203 09/03/2022 C-1 Theses